The second report on the state of the world's plant genetic resources for food and agriculture. (Record no. 11430)

000 -LEADER
fixed length control field 01572cam a2200229 a 4500
020 ## - INTERNATIONAL STANDARD BOOK NUMBER
ISBN 9789251065341
020 ## - INTERNATIONAL STANDARD BOOK NUMBER
ISBN 9251065349
040 ## - CATALOGING SOURCE
Transcribing agency BTCTA
082 00 - DEWEY DECIMAL CLASSIFICATION NUMBER
Classification number 333 COM 2010 A016 Or.
245 04 - TITLE STATEMENT
Title The second report on the state of the world's plant genetic resources for food and agriculture.
246 10 - VARYING FORM OF TITLE
Title proper/short title Plant genetic resources for food and agriculture
260 ## - PUBLICATION, DISTRIBUTION, ETC. (IMPRINT)
Place of publication Rome :
Name of publisher Commission on Genetic Resources for Food and Agriculture, Food and Agriculture Organization of the United Nations,
Year of publication 2010.
300 ## - PHYSICAL DESCRIPTION
Number of Pages xxiv, 370 p. :
Other physical details ill. (some col.) ;
Dimensions 26 cm. +
Accompanying material 1 CD-ROM (4 3/4 in.)
500 ## - GENERAL NOTE
General note "With country reports and thematic studies"--CD-ROM.
520 ## - SUMMARY, ETC.
Summary, etc This report, prepared with the participation of member countries as well as the public and private sectors, demonstrates the central role plant genetic diversity continues to play in shaping agriculture growth in the face of climate change and other environmental challenges. It provides the decision-makers with a technical basis for policy and technical decision to strengthen national efforts. It also aims to attract the attention of the global community to set priorities for the effective management of plant genetic resources for the future. Country reports and thematic studies are available on the accompanying CD-ROM.--Publisher's description.
650 #0 - SUBJECT ADDED ENTRY--TOPICAL TERM
Topical Term Food crops
650 #0 - SUBJECT ADDED ENTRY--TOPICAL TERM
Topical Term Food crops
650 #0 - SUBJECT ADDED ENTRY--TOPICAL TERM
Topical Term Germplasm resources, Plant.
710 2# - ADDED ENTRY--CORPORATE NAME
Corporate name or jurisdiction name as entry element Commission on Genetic Resources for Food and Agriculture.
856 41 - ELECTRONIC LOCATION AND ACCESS
Uniform Resource Identifier http://www.fao.org/docrep/013/i1500e/i1500e.pdf
942 ## - ADDED ENTRY ELEMENTS (KOHA)
Koha item type សៀវភៅភាសាអង់គ្លេស
952 ## - LOCATION AND ITEM INFORMATION (KOHA)
Withdrawn status [LOCAL, KOHA] 0
Holdings
Permanent Location Date acquired Koha item type Lost status Shelving location Barcode Current Location Full call number
Library Block A2017-08-02សៀវភៅភាសាអង់គ្លេស A016RUA060344Library Block A333 COM 2010 A016 Or.
មជ្ឈមណ្ឌលឯការនៃសាកលវិទ្យាល័យភូមិន្ទកសិកម្មចំការដូង

Powered by Koha